| 000 | 00492nam a2200181 a 4500 | ||
|---|---|---|---|
| 001 | 22322 | ||
| 005 | 20180713220218.0 | ||
| 008 | 140415s1979 xxu 000 0 eng d | ||
| 020 | _a00703525 | ||
| 041 | _aeng | ||
| 082 |
_a428 _bHOR |
||
| 100 | 1 | _aHORNING, ALICE S. | |
| 245 | 1 | 0 | _aREADING IN CONTEMPORARY CULTURE |
| 250 | _a1a ed. | ||
| 260 |
_aESTADOS UNIDOS DE AMERICA : _bMCGRAW-HILL, _c1979 |
||
| 300 | _a170 | ||
| 650 | 1 | 4 |
_aINGLES _xTEXTOS _xLECTURAS _xESTADOS UNIDOS |
| 999 |
_c22322 _d22322 |
||